Dispatches From Latin America (Record no. 220836)
[ view plain ]
| 000 -LEADER | |
|---|---|
| fixed length control field | 01447nam a22002537a 4500 |
| 005 - DATE AND TIME OF LATEST TRANSACTION | |
| control field | 20211130122030.0 |
| 008 - FIXED-LENGTH DATA ELEMENTS--GENERAL INFORMATION | |
| fixed length control field | 211130b ||||| |||| 00| 0 eng d |
| 020 ## - INTERNATIONAL STANDARD BOOK NUMBER | |
| International Standard Book Number | 8187496576 |
| 040 ## - CATALOGING SOURCE | |
| Transcribing agency | AL |
| 041 ## - LANGUAGE CODE | |
| Language code of text/sound track or separate title | eng |
| 082 ## - DEWEY DECIMAL CLASSIFICATION NUMBER | |
| Edition number | 23 |
| Classification number | 303.48 |
| Item number | BALD |
| 100 ## - MAIN ENTRY--PERSONAL NAME | |
| Personal name | Teo Ballve: Vijay Prashad Ed |
| 100 ## - MAIN ENTRY--PERSONAL NAME | |
| 9 (RLIN) | 11025 |
| 245 ## - TITLE STATEMENT | |
| Title | Dispatches From Latin America |
| 260 ## - PUBLICATION, DISTRIBUTION, ETC. | |
| Place of publication, distribution, etc. | New Delhi |
| Name of publisher, distributor, etc. | Leftword Books |
| Date of publication, distribution, etc. | 2006 |
| 300 ## - PHYSICAL DESCRIPTION | |
| Extent | 375 p. |
| Other physical details | HB |
| Dimensions | 22x14 cm. |
| 365 ## - TRADE PRICE | |
| Price amount | 485.00 |
| Currency code | ₹ |
| Unit of pricing | 485.00 |
| 520 ## - SUMMARY, ETC. | |
| Summary, etc. | From the laboratory of neoliberalism — popularly known as 'globalization' — Latin America has transformed itself into a launching pad for resistance. As globalization began to spread its devastation, robust and thoughtful opposition emerged in response — in the recovered factory movement of Argentina, in the presidential elections of indigenous leaders and radicals like Chavez and Morales, against the privatization of water in Bolivia.<br/>In Dispatches from Latin America, 28 authors report on 11 different countries, together mapping the contemporary political and social terrain. This collection offers us a riveting series of accounts that bring new insight into the region's struggles and victories. |
| 650 ## - SUBJECT ADDED ENTRY--TOPICAL TERM | |
| Topical term or geographic name entry element | History of South America |
| 9 (RLIN) | 11019 |
| 650 ## - SUBJECT ADDED ENTRY--TOPICAL TERM | |
| Topical term or geographic name entry element | Social Process |
| 9 (RLIN) | 11020 |
| 650 ## - SUBJECT ADDED ENTRY--TOPICAL TERM | |
| Topical term or geographic name entry element | Anti Globalization Movement |
| 9 (RLIN) | 11021 |
| 650 ## - SUBJECT ADDED ENTRY--TOPICAL TERM | |
| Topical term or geographic name entry element | Politics and Government |
| 9 (RLIN) | 11022 |
| 700 ## - ADDED ENTRY--PERSONAL NAME | |
| Personal name | BALLVE (Teo): PRASHAD (Vijay) |
| 9 (RLIN) | 11023 |
| 942 ## - ADDED ENTRY ELEMENTS (KOHA) | |
| Source of classification or shelving scheme | Dewey Decimal Classification |
| Koha item type | George Fernandes Collections |
| Withdrawn status | Lost status | Source of classification or shelving scheme | Damaged status | Not for loan | Collection code | Home library | Current library | Date acquired | Total Checkouts | Full call number | Barcode | Date last seen | Date last checked out | Price effective from | Koha item type |
|---|---|---|---|---|---|---|---|---|---|---|---|---|---|---|---|
| Dewey Decimal Classification | Sociology | St Aloysius Library | St Aloysius Library | 03/24/2013 | 1 | 303.48 TEOD | GF03386 | 10/04/2024 | 10/01/2024 | 11/30/2021 | George Fernandes Collections |